000 00361 a2200133 4500
005 20250618114607.0
020 _a978-9987-694-32-7
082 _a 658.8 MBU
100 _aMBURA, K. O
245 _aPrinciples of Marketing and Business Ethics
260 _aDar es salaam
_bTanzania Institute of Bankers
_c2015.
300 _ax,266p.
_bIndex
_c24cm
942 _2ddc
_cBKS
999 _c4287
_d4287